Add A Letter - Make a U.S. State Capital - Statistics

General Stats
  • This quiz has been taken 57 times
  • The average score is 13 of 20
Answer Stats
Word Letter Capital % Correct
Nerve D Denver
98%
Rode V Dover
94%
Bios E Boise
91%
Noobs T Boston
87%
Alms E Salem
83%
Banal Y Albany
81%
Satin U Austin
77%
Riper E Pierre
77%
Myopia L Olympia
74%
Condor C Concord
68%
Emanators C Sacramento
57%
Rotten N Trenton
57%
Demonise S Des Moines
51%
Chlorates N Charleston
49%
Domain S Madison
40%
Repletion M Montpelier
38%
Narcotics Y Carson City
36%
Fasten A Santa Fe
34%
Aligns N Lansing
32%
Nuptials A Saint Paul
26%
No matching quizzes found
Score Distribution
Percent of People with Each Score
Percentile by Number Answered
Your Score History
You have not taken this quiz